000 00249nam a22001097a 4500
082 _a684.08 EUA'W
100 _aEVANS, HARRY T
_99290
245 _aTHE WOODWORKERS BOOK OF FACTS
260 _aLONDON
_bTECHNICAL
_c1962
300 _a126P
942 _cBK
999 _c582678
_d582678